Resolución alterna de disputas en el derecho de familia y menores (Registro nro. 9690)

Detalles MARC
000 -CABECERA
Longitud fija campo de control 00725cam a22002174a 4500
001 - NÚMERO DE CONTROL
Número de control 14212823
003 - IDENTIFICADOR DELl NÚMERO DE CONTROL
Identificador del número de control OSt
005 - FECHA Y HORA DE LA ÚLTIMA TRANSACCIÓN
Fecha y hora de la última transacción 20140514213003.0
008 - CÓDIGOS DE INFORMACIÓN DE LONGITUD FIJA
Códigos de información de longitud fija 051228s2001 es b 000 0 spa
020 ## - NÚMERO INTERNACIONAL NORMALIZADO PARA LIBROS
Número Internacional Normalizado para Libros (ISBN) 99923-809-3-4
040 ## - FUENTE DE LA CATALOGACIÓN
Centro transcriptor BMC
082 ## - NÚMERO DE LA CLASIFICACIÓN DECIMAL DEWEY
Númeroo de clasificación 346.0157284
100 1# - PUNTO DE ACCESO PRINCIPAL-NOMBRE DE PERSONA
9 (RLIN) 18099
Nombre de persona Álvarez, Gladys Estella‏
245 10 - MENCIÓN DE TÍTULO
Título Resolución alterna de disputas en el derecho de familia y menores
Mención de responsabilidad, etc. [Gladys Estella Álvarez]
260 ## - PUBLICACIÓN, DISTRIBUCIÓN, ETC. (PIE DE IMPRENTA)
Lugar de publicación, distribución, etc. San Salvador
Nombre del editor, distribuidor, etc. Consejo Nacional de la Judicatura, Escuela de Capacitación Judicial
Fecha de publicación, distribución, etc. 2001
300 ## - DESCRIPCIÓN FÍSICA
Extensión X, 223 p.
Dimensiones 22 cm
500 ## - NOTA GENERAL
Nota general En la cub.: Monografía
650 24 - PUNTO DE ACCESO ADICIONAL DE MATERIA - TÉRMINO DE MATERIA
Término de materia o nombre geográfico como elemento inicial Mediación familiar
Subdivisión geográfica El Salvador
9 (RLIN) 18250
650 24 - PUNTO DE ACCESO ADICIONAL DE MATERIA - TÉRMINO DE MATERIA
Término de materia o nombre geográfico como elemento inicial Derecho de familia
Subdivisión geográfica El Salvador
9 (RLIN) 6814
942 ## - ENTRADA DE ELEMENTOS AGREGADOS (KOHA)
Fuente de clasificaión o esquema Dewey Decimal Classification
Koha [por defecto] tipo de item 1- Monografias
Existencias
Suprimido Perdido Fuente de clasificación o esquema Estropeado Restricciones de uso No para préstamo Código de colección Localización permanente Localización actual Localización en estanter&íacute;as Fecha adquisición Fuente de adquisición Número de inventario Préstamos totales Signatura completa Código de barras Fecha última consulta Coste, precio reemplazado Fecha del precio de reemplazo Tipo de item de Koha Número de copia
NULL NULL Dewey Decimal Classification NULL Prestable NULL NULL Biblioteca Miguel de Cervantes - UNICAES Biblioteca Miguel de Cervantes - UNICAES Sala Principal 22/10/2002 Donación - C.N.J. 015393   346.015 ALV res 1015735 07/05/2014 18.00 07/05/2014 1- Monografias  
NULL NULL Dewey Decimal Classification NULL Prestable NULL NULL Biblioteca Miguel de Cervantes - UNICAES Biblioteca Miguel de Cervantes - UNICAES Sala Principal 22/10/2004 Donación - Facultad de Ciencias y Humanidades 015394   346.015 ALV res 1015736 07/05/2014 18.00 07/05/2014 1- Monografias  
NULL NULL Dewey Decimal Classification NULL Prestable NULL NULL Biblioteca Miguel de Cervantes - UNICAES Biblioteca Miguel de Cervantes - UNICAES Sala Principal 19/10/2021 Donación - CNJ 035089   346.015 ALV res 1049062 21/10/2021   21/10/2021 1- Monografias 3